[Event "XXXV C.to Italiano Seniores"]
[Site "Arco ITA"]
[Date "2013.04.15"]
[Round "4"]
[White "Barlocco, Carlo"]
[Black "Beltrami, Nerio"]
[WhiteElo "2094"]
[BlackElo "1907"]
[Result "1-0"]
[PlyCount "57"]
[EventDate "2013.04.12"]

1. e4 g6 2. d4 Bg7 3. Nf3 d6 4. Nc3 Nc6 5. Be3 Nf6 6. Be2 O-O 7. Qd2 Ng4 8. Bg5
h6 9. Bh4 g5 10. Bg3 e5 11. d5 Nd4 12. Nxd4 exd4 13. Nb5 d3 14. cxd3 f5 15.
Bxg4 fxg4 16. Rc1 Rf7 17. Qc2 a6 18. Nxc7 Rb8 19. O-O Bd4 20. Kh1 Bb6 21. Ne6
Bxe6 22. dxe6 Re7 23. Qc4 Bc7 24. d4 b5 25. Qc2 h5 26. f3 h4 27. Be1 d5 28. e5
Qe8 29. Bb4 1-0

[Event "XXXV C.to Italiano Seniores"]
[Site "Arco ITA"]
[Date "2013.04.15"]
[Round "4"]
[White "Blasco, Domenico"]
[Black "Garvani, Vittorio"]
[WhiteElo "1933"]
[BlackElo "1898"]
[Result "0-1"]
[PlyCount "146"]
[EventDate "2013.04.12"]

1. d4 Nf6 2. Nf3 g6 3. Nc3 Bg7 4. e4 d6 5. Be3 O-O 6. Qd2 c6 7. Bh6 b5 8. Bxg7
Kxg7 9. Bd3 Bg4 10. Qf4 Bxf3 11. Qxf3 Nbd7 12. Ne2 Rc8 13. O-O a6 14. a4 Qb6
15. axb5 axb5 16. Qe3 Ra8 17. Kh1 c5 18. e5 Nd5 19. Qe4 Rxa1 20. Rxa1 e6 21. c4
bxc4 22. Bxc4 dxe5 23. dxe5 Qxb2 24. Rb1 Qxe5 25. Ng3 Qxe4 26. Nxe4 N5f6 27.
Ng5 h6 28. Nf3 Rb8 29. Rxb8 Nxb8 30. Kg1 Nbd7 31. Kf1 Ng4 32. Bb5 Nge5 33. Nd2
Nb6 34. Ke2 f5 35. f4 Nf7 36. Kd3 Nd6 37. Ba6 Kf6 38. Nf3 g5 39. g3 g4 40. Ne5
Nf7 41. Nc4 Nd5 42. Bb7 Ke7 43. Ne5 Nxe5+ 44. fxe5 Nb6 45. Ke3 Nd7 46. Kf4 c4
47. Bc6 c3 48. Ba4 Kd8 49. Bb3 Nc5 50. Bc2 Kc7 51. Ke3 Kc6 52. Kd4 Ne4 53. Ba4+
Kc7 54. Bc2 Ng5 55. Kxc3 Kc6 56. Kc4 Nf3 57. Ba4+ Kc7 58. Bd1 Nxe5+ 59. Kd4 Kd6
60. Ke3 Nf3 61. Bxf3 gxf3 62. Kxf3 e5 63. Ke3 Kd5 64. Kd3 e4+ 65. Ke3 Ke5 66.
Ke2 Kd4 67. Kd2 e3+ 68. Ke2 Ke4 69. h3 h5 70. h4 Kd4 71. Ke1 Kd3 72. Kd1 Kd4
73. Ke2 Ke5 0-1

[Event "XXXV C.to Italiano Seniores"]
[Site "Arco ITA"]
[Date "2013.04.15"]
[Round "4"]
[White "Bonfa', Ileano"]
[Black "Pipitone, Antonio"]
[WhiteElo "2171"]
[BlackElo "1930"]
[Result "1/2-1/2"]
[PlyCount "48"]
[EventDate "2013.04.12"]

1. Nf3 Nf6 2. g3 g6 3. b4 Bg7 4. Bb2 O-O 5. Bg2 d5 6. c4 c6 7. Na3 Nbd7 8. O-O
Re8 9. d4 a5 10. b5 e6 11. Rb1 dxc4 12. bxc6 Nb6 13. Ne5 Nfd5 14. cxb7 Bxb7 15.
Naxc4 Nxc4 16. Nxc4 Rc8 17. Qb3 Ba6 18. Rfc1 Rb8 19. Qd1 Rb4 20. Ne5 Qb6 21.
Ba1 Rxb1 22. Rxb1 Bxe2 23. Qe1 Qa6 24. Rb2 Bb5 1/2-1/2

[Event "XXXV C.to Italiano Seniores"]
[Site "Arco ITA"]
[Date "2013.04.15"]
[Round "4"]
[White "Cavatorta, Fosco"]
[Black "Modena, Giorgio"]
[WhiteElo "1902"]
[BlackElo "1934"]
[Result "0-1"]
[PlyCount "134"]
[EventDate "2013.04.12"]

1. d4 d5 2. Nf3 Nf6 3. c3 c6 4. Bf4 Bf5 5. Qb3 Qc8 6. c4 dxc4 7. Qxc4 Nbd7 8.
Nc3 e6 9. Rc1 Be7 10. Nh4 Bg6 11. Nxg6 hxg6 12. e4 Qd8 13. Qb3 Qb6 14. Qxb6
Nxb6 15. f3 O-O 16. Be2 Rac8 17. Be3 c5 18. Kf2 cxd4 19. Bxd4 Bc5 20. Bxc5 Rxc5
21. Nd5 Rxc1 22. Nxf6+ gxf6 23. Rxc1 Rc8 24. Rxc8+ Nxc8 25. Ke3 e5 26. Bc4 Nd6
27. Bd5 b6 28. g4 g5 29. Kf2 Kg7 30. Kg3 Nc8 31. h4 gxh4+ 32. Kxh4 Kg6 33. Kg3
Nd6 34. a3 Kg5 35. b4 Nb5 36. a4 Nd6 37. b5 Kg6 38. f4 Kg7 39. fxe5 fxe5 40. g5
Kg6 41. Kg4 Ne8 42. Bc6 Nd6 43. Bd5 f6 44. gxf6 Kxf6 45. Kh5 Nc8 46. Kh6 Ne7
47. Bc6 Ng6 48. Kh7 Nf4 49. Kg8 Ke7 50. Kg7 Nd3 51. Kg6 Nc5 52. Kf5 Kd6 53. Be8
Nxa4 54. Kf6 Nb2 55. Bf7 Nd3 56. Kf5 Kc5 57. Be8 Kd4 58. Bc6 Nc5 59. Bd5 a6 60.
bxa6 Nxa6 61. Bb7 Nc7 62. Bc6 b5 63. Bd7 b4 64. Ba4 Na6 65. Bc2 Nc5 66. Bb1 b3
67. Kg4 Nxe4 0-1

[Event "XXXV C.to Italiano Seniores"]
[Site "Arco ITA"]
[Date "2013.04.15"]
[Round "4"]
[White "Facchetti, Gianni"]
[Black "Antonelli, Fabrizio"]
[WhiteElo "2075"]
[BlackElo "2015"]
[Result "1-0"]
[PlyCount "170"]
[EventDate "2013.04.12"]

1. e4 e5 2. Nf3 Nc6 3. Bc4 Nf6 4. d3 Be7 5. c3 O-O 6. O-O d5 7. exd5 Nxd5 8.
Bb3 Bf6 9. Qe2 Bg4 10. Na3 Re8 11. Qe4 Be6 12. Bc2 g6 13. Qe1 Bg4 14. Qd1 Qd7
15. Nc4 Rad8 16. Ne3 Be6 17. Ng5 Nf4 18. Nxe6 Nxe6 19. Ng4 Bg7 20. Bh6 f5 21.
Bxg7 Kxg7 22. Ne3 Nf4 23. Re1 Nxd3 24. Bxd3 Qxd3 25. Qb3 Qa6 26. Rad1 Ne7 27.
h3 b5 28. Qb4 Rd6 29. Qc5 Re6 30. Qxc7 Rc8 31. Qd7 Qc6 32. Qxc6 Rcxc6 33. Rd7
a6 34. Nd5 Kf8 35. Nxe7 Rxe7 36. Rxe7 Kxe7 37. Rxe5+ Kf6 38. Rd5 Ke6 39. Rd2 a5
40. Kf1 Rc4 41. Ke2 a4 42. Kd3 Kd6 43. b3 axb3 44. axb3 Rc7 45. Ra2 Kc6 46.
Ra6+ Kb7 47. Rd6 Re7 48. Kd2 Kc7 49. Rd3 Kc6 50. h4 Re4 51. g3 Re7 52. Re3 Rf7
53. Ke2 f4 54. Rd3 fxg3 55. fxg3 Kc5 56. Rf3 Ra7 57. Rf4 Rd7 58. b4+ Kc6 59. c4
bxc4 60. Rxc4+ Kb5 61. Re4 Rf7 62. Ke3 Rf6 63. Rf4 Rc6 64. h5 Rc3+ 65. Kf2 Rc2+
66. Kf3 Rc3+ 67. Kg2 Rc6 68. hxg6 hxg6 69. Kf3 Re6 70. Kg4 Kc6 71. Kg5 Kd7 72.
g4 Ke7 73. Rc4 Kf7 74. Rc7+ Kg8 75. Rb7 Rd6 76. b5 Re6 77. Kh6 Kf8 78. g5 Rd6
79. Kh7 Re6 80. b6 Rd6 81. Kh6 Rc6 82. Rb8+ Kf7 83. b7 Rb6 84. Rh8 Rb1 85. Rh7+
Kf8 1-0

[Event "XXXV C.to Italiano Seniores"]
[Site "Arco ITA"]
[Date "2013.04.15"]
[Round "4"]
[White "Guaglianone, Mario"]
[Black "Iudicello, Giovanni"]
[WhiteElo "1986"]
[BlackElo "2127"]
[Result "1/2-1/2"]
[PlyCount "136"]
[EventDate "2013.04.12"]

1. d4 Nf6 2. c4 g6 3. Nc3 Bg7 4. e4 d6 5. f3 O-O 6. Bg5 h6 7. Be3 e5 8. Nge2 c6
9. Qd2 h5 10. O-O-O Qa5 11. Kb1 Nbd7 12. h3 a6 13. g4 b5 14. Nc1 bxc4 15. Bxc4
Rb8 16. Bb3 exd4 17. Bxd4 Ne5 18. Rhf1 c5 19. Bxe5 dxe5 20. Nd5 Qb5 21. Qc2
Nxd5 22. Bxd5 Bb7 23. Bc4 Qb6 24. gxh5 gxh5 25. Rg1 Kh7 26. Rg5 Qh6 27. Rdg1
Bf6 28. R5g2 Bc8 29. Rh1 Rb6 30. Nd3 Qe3 31. Qf2 Qd4 32. Qxd4 cxd4 33. f4 exf4
34. Nxf4 Bb7 35. Bd5 Be5 36. Nd3 Bxd5 37. exd5 f6 38. Re1 Re8 39. Rge2 Reb8 40.
b3 Bg3 41. Re7+ Kh6 42. R1e4 Rd8 43. Rxd4 Rbd6 44. Re3 h4 45. Rf3 Rxd5 46. Rxd5
Rxd5 47. Rxf6+ Kg5 48. Rf3 Rf5 49. Re3 Rf1+ 50. Kc2 Rh1 51. b4 Rxh3 52. Nc5
Rh2+ 53. Kb3 a5 54. bxa5 Bf2 55. Re5+ Kf6 56. Rh5 Kg6 57. Rd5 Rh3+ 58. Kb4 Be1+
59. Ka4 Bxa5 60. Kxa5 Ra3+ 61. Kb4 Rxa2 62. Ne4 Rg2 63. Kc3 h3 64. Rd1 Kf5 65.
Rh1 h2 66. Kd3 Kf4 67. Nd2 Kg4 68. Nf1 Kh3 1/2-1/2

[Event "XXXV C.to Italiano Seniores"]
[Site "Arco ITA"]
[Date "2013.04.15"]
[Round "4"]
[White "Laco, Giuseppe"]
[Black "Albano, Marco"]
[WhiteElo "2073"]
[BlackElo "2235"]
[Result "0-1"]
[PlyCount "94"]
[EventDate "2013.04.12"]

1. c4 e5 2. Nc3 Nc6 3. g3 f5 4. e4 Nf6 5. d3 Bb4 6. Bg2 fxe4 7. dxe4 Bxc3+ 8.
bxc3 d6 9. Qd3 b6 10. Nf3 Qe7 11. Ba3 Ba6 12. Nd2 Qf7 13. f3 O-O 14. Bf1 Rfe8
15. Qc2 Kh8 16. Qa4 Bb7 17. Bd3 Nd7 18. O-O-O Nd8 19. Bb1 Ne6 20. Qc2 Nec5 21.
Rdf1 Bc6 22. Qd1 b5 23. f4 Qg8 24. cxb5 Bxb5 25. Rf3 Rab8 26. f5 Bc4 27. Nxc4
Qxc4 28. Re1 Rb6 29. Qd5 Qb5 30. Bc2 Nf6 31. Qf7 Reb8 32. Kd2 Qc6 33. Bxc5 Qxc5
34. Bb3 d5 35. exd5 Rf8 36. Qxf8+ Qxf8 37. Rxe5 Rb8 38. h3 h5 39. g4 hxg4 40.
hxg4 Nxg4 41. Re4 Nh6 42. f6 gxf6 43. Rh4 f5 44. Rfh3 Rb6 45. Ke3 Qg7 46. Kf4
Rg6 47. c4 Rg4+ 0-1

[Event "XXXV C.to Italiano Seniores"]
[Site "Arco ITA"]
[Date "2013.04.15"]
[Round "4"]
[White "Spano' Cuomo, Gaetano"]
[Black "Jasnig, Stelio"]
[WhiteElo "1797"]
[BlackElo "1989"]
[Result "1-0"]
[PlyCount "95"]
[EventDate "2013.04.12"]

1. d4 f5 2. c4 Nf6 3. Nc3 g6 4. Nf3 Bg7 5. e3 O-O 6. Be2 d6 7. O-O c6 8. Nd2
Nbd7 9. e4 fxe4 10. Ndxe4 Nxe4 11. Nxe4 Nf6 12. Nxf6+ Bxf6 13. Bh6 Bg7 14. Bxg7
Kxg7 15. Bg4 Bf5 16. Bxf5 Rxf5 17. Qb3 b6 18. Rae1 Qf8 19. Re2 Qf6 20. Qc3 Re8
21. Rfe1 e5 22. dxe5 Rfxe5 23. Rxe5 Rxe5 24. Rxe5 Qxe5 25. Qxe5+ dxe5 26. Kf1
Kf6 27. Ke2 Kf5 28. Ke3 h6 29. f3 a6 30. g3 a5 31. b3 h5 32. h3 g5 33. g4+ hxg4
34. hxg4+ Kf6 35. Ke4 Ke6 36. a3 Kf6 37. b4 axb4 38. axb4 Ke6 39. b5 cxb5 40.
cxb5 Kd6 41. Kf5 Kc5 42. Kxg5 Kxb5 43. Kf6 Kc5 44. g5 b5 45. g6 b4 46. g7 Kd4
47. g8=Q b3 48. Qxb3 1-0

[Event "XXXV C.to Italiano Seniores"]
[Site "Arco ITA"]
[Date "2013.04.15"]
[Round "4"]
[White "Valenti, Giuseppe"]
[Black "Micheli, Carlo"]
[WhiteElo "2191"]
[BlackElo "2297"]
[Result "0-1"]
[PlyCount "106"]
[EventDate "2013.04.12"]

1. e4 c5 2. Nf3 e6 3. d4 cxd4 4. Nxd4 a6 5. Nc3 Qc7 6. g3 Nf6 7. Bg2 d6 8. O-O
Be7 9. a4 Bd7 10. Be3 Nc6 11. Nxc6 Bxc6 12. a5 Rc8 13. Re1 O-O 14. Bb6 Qb8 15.
Nd5 Rfe8 16. Nxe7+ Rxe7 17. c4 Nd7 18. Bd4 Qc7 19. b3 Rce8 20. Qc2 g6 21. Qc3
e5 22. Be3 f5 23. Bg5 Rf7 24. exf5 gxf5 25. Qd2 Bxg2 26. Kxg2 Qc6+ 27. Qd5
Qxd5+ 28. cxd5 Nc5 29. Be3 Nd3 30. Red1 e4 31. Rxd3 exd3 32. Rd1 Re4 33. Rxd3
Rb4 34. Bf4 Rb5 35. Bd2 Re7 36. b4 Re5 37. Rc3 Rexd5 38. Rc8+ Kf7 39. Bc3 Rd3
40. Rc7+ Kg6 41. Rg7+ Kh6 42. Rc7 f4 43. gxf4 Kg6 44. Rg7+ Kf5 45. Rf7+ Ke6 46.
Rc7 h5 47. Be1 d5 48. Rh7 d4 49. Rh6+ Kf7 50. f3 Rd5 51. Bh4 Rd2+ 52. Kg3 d3
53. Rb6 Re2 0-1

[Event "XXXV C.to Italiano Seniores"]
[Site "Arco ITA"]
[Date "2013.04.16"]
[Round "5"]
[White "Albano, Marco"]
[Black "Valenti, Giuseppe"]
[WhiteElo "2235"]
[BlackElo "2191"]
[Result "1/2-1/2"]
[PlyCount "88"]
[EventDate "2013.04.12"]

1. d4 e6 2. Nf3 Nf6 3. Bf4 c5 4. e3 Be7 5. Bd3 b6 6. O-O Bb7 7. Nbd2 cxd4 8.
exd4 O-O 9. h3 d6 10. Re1 Nbd7 11. Qe2 Re8 12. c3 Qc7 13. Ba6 Rac8 14. a4 Bxa6
15. Qxa6 Nb8 16. Qd3 Qb7 17. Ng5 Nbd7 18. Nge4 Qc6 19. Bg5 Nxe4 20. Nxe4 d5 21.
Bxe7 dxe4 22. Rxe4 Rxe7 23. d5 Nc5 24. Qd4 Qd6 25. Rg4 e5 26. Rxg7+ Kxg7 27.
Qg4+ Kf8 28. Qxc8+ Re8 29. Qf5 Qxd5 30. Qxh7 Re6 31. Qh8+ Ke7 32. Qh4+ Kd7 33.
Qh5 Rd6 34. Re1 Nd3 35. Qf5+ Kc7 36. Re4 Qe6 37. Qg5 f6 38. Qg7+ Rd7 39. Qf8
Qc6 40. Rg4 Rd8 41. Rg7+ Kc8 42. Qf7 Rd7 43. Qf8+ Rd8 44. Qf7 Rd7 1/2-1/2

[Event "XXXV C.to Italiano Seniores"]
[Site "Arco ITA"]
[Date "2013.04.16"]
[Round "5"]
[White "Antonelli, Fabrizio"]
[Black "Spano' Cuomo, Gaetano"]
[WhiteElo "2015"]
[BlackElo "1797"]
[Result "1-0"]
[PlyCount "111"]
[EventDate "2013.04.12"]

1. e4 e5 2. Nf3 Nc6 3. Bb5 a6 4. Ba4 Be7 5. c3 b5 6. Bc2 Bb7 7. O-O d6 8. Qe2
Nf6 9. a4 O-O 10. Re1 b4 11. d4 bxc3 12. Nxc3 Nxd4 13. Nxd4 exd4 14. Nd5 c5 15.
Nxe7+ Qxe7 16. Bg5 a5 17. f4 Ba6 18. Qf3 Qb7 19. Bxf6 gxf6 20. b3 Kh8 21. Rad1
Rg8 22. Qh3 Rg7 23. Qf5 Re8 24. Qxf6 Re6 25. Qd8+ Rg8 26. Qxa5 f5 27. g3 fxe4
28. Bxe4 Rxe4 29. Rxe4 Qxe4 30. Qxa6 Qe3+ 31. Kg2 Re8 32. Qd3 Qxd3 33. Rxd3
Re2+ 34. Kf3 Re7 35. g4 Kg7 36. f5 Kf6 37. Kf4 Re1 38. g5+ Kf7 39. h4 Ke7 40.
Rd2 Re3 41. Rb2 Re1 42. Rf2 d5 43. Rd2 Re4+ 44. Kg3 Re3+ 45. Kg4 Rxb3 46. Kh5
d3 47. Kh6 c4 48. Kg7 c3 49. f6+ Ke6 50. Rxd3 c2 51. Rxb3 c1=Q 52. Rb6+ Ke5 53.
f7 Qc2 54. f8=Q Qc7+ 55. Qf7 Qxb6 56. Qf6+ 1-0

[Event "XXXV C.to Italiano Seniores"]
[Site "Arco ITA"]
[Date "2013.04.16"]
[Round "5"]
[White "Beltrami, Nerio"]
[Black "Giani, Franco"]
[WhiteElo "1907"]
[BlackElo "1934"]
[Result "1-0"]
[PlyCount "205"]
[EventDate "2013.04.12"]

1. e4 c5 2. Nf3 Nc6 3. Bb5 d6 4. O-O Bd7 5. c3 a6 6. Ba4 Nf6 7. Re1 b5 8. Bc2
e5 9. h3 Be7 10. a4 O-O 11. d4 cxd4 12. cxd4 exd4 13. Nxd4 Nxd4 14. Qxd4 bxa4
15. Bxa4 Ne8 16. Nc3 Bxa4 17. Rxa4 Bf6 18. Qd3 Nc7 19. Be3 Re8 20. Rea1 h6 21.
g3 Rb8 22. R1a2 Qd7 23. Kg2 Rb3 24. Bd4 Bxd4 25. Qxd4 Reb8 26. Qd2 Qc6 27. Nd5
Nxd5 28. exd5 Qb5 29. Rxa6 Rd3 30. Qa5 Qxd5+ 31. Qxd5 Rxd5 32. Ra8 Rdb5 33.
Rxb8+ Rxb8 34. Kf3 g6 35. Ke4 Rb5 36. Kd4 Kg7 37. Kc4 Rc5+ 38. Kd4 Rb5 39. Kc3
Rh5 40. h4 Rc5+ 41. Kb3 Rf5 42. f4 g5 43. hxg5 hxg5 44. Ra4 g4 45. Rd4 Rb5+ 46.
Kc3 Rb6 47. b4 f5 48. Rd5 Kf6 49. b5 Ke6 50. Kc4 Rb8 51. Rd3 Rc8+ 52. Kd4 Rc5
53. Re3+ Kf6 54. Rb3 Ke6 55. b6 Rc8 56. b7 Rb8 57. Rb5 Kd7 58. Kd5 Kc7 59. Rb3
Kd7 60. Rb4 Kc7 61. Ke6 Kc6 62. Kxf5 Kc5 63. Rb1 d5 64. Kxg4 d4 65. Kf3 Kc4 66.
Ke2 Kc3 67. Rb6 d3+ 68. Ke3 Re8+ 69. Kf3 Rb8 70. Rc6+ Kd2 71. Rc7 Kd1 72. Kf2
d2 73. f5 Re8 74. f6 Re2+ 75. Kf3 Ke1 76. Rd7 Re8 77. f7 Rf8 78. Ke3 Rxf7 79.
Rxd2 Rxb7 80. Ra2 Re7+ 81. Kf4 Rf7+ 82. Kg4 Rg7+ 83. Kf3 Rf7+ 84. Kg2 Rg7 85.
Ra4 Ke2 86. Re4+ Kd3 87. Rf4 Ke3 88. Ra4 Rg8 89. g4 Rg7 90. Kg3 Rg8 91. Rb4 Rg7
92. Kh4 Kf3 93. Kh5 Rh7+ 94. Kg6 Rh8 95. g5 Rg8+ 96. Kh6 Rh8+ 97. Kg7 Rc8 98.
g6 Rc7+ 99. Kh8 Rc8+ 100. Kh7 Rc5 101. Rh4 Kg3 102. Rh1 Kg4 103. g7 1-0

[Event "XXXV C.to Italiano Seniores"]
[Site "Arco ITA"]
[Date "2013.04.16"]
[Round "5"]
[White "Garvani, Vittorio"]
[Black "Guaglianone, Mario"]
[WhiteElo "1898"]
[BlackElo "1986"]
[Result "1/2-1/2"]
[PlyCount "115"]
[EventDate "2013.04.12"]

1. d4 Nf6 2. Nf3 b6 3. e3 Bb7 4. Nbd2 e6 5. Bd3 c5 6. b3 Be7 7. O-O Nc6 8. Bb2
O-O 9. Re1 Rc8 10. dxc5 bxc5 11. e4 d5 12. exd5 exd5 13. Bf5 Rc7 14. Qe2 Bc8
15. Bxc8 Rxc8 16. Nf1 Qd7 17. Ne5 Nxe5 18. Qxe5 Rfe8 19. Qg5 h6 20. Qd2 Rcd8
21. Rad1 d4 22. Ng3 Nd5 23. a3 Bg5 24. Qd3 Nf4 25. Rxe8+ Rxe8 26. Qf3 Qe6 27.
h4 Ne2+ 28. Qxe2 Qxe2 29. Nxe2 Rxe2 30. hxg5 Rxc2 31. Bxd4 cxd4 32. Rxd4 hxg5
33. Ra4 Rc7 34. Rb4 f6 35. a4 Kh7 36. a5 Rc5 37. Ra4 Rb5 38. b4 g4 39. Kh2 Kg6
40. a6 Kg5 41. g3 Kf5 42. Kg2 Ke4 43. Ra1 Rxb4 44. Re1+ Kf5 45. Re7 Ra4 46.
Rxa7 g6 47. Ra8 Ra2 48. Ra7 Ra3 49. Ra8 Ra1 50. Ra7 g5 51. Ra8 Kg6 52. Rg8+ Kh7
53. Ra8 f5 54. Ra7+ Kg6 55. Ra8 f4 56. gxf4 gxf4 57. Rg8+ Kf5 58. Rf8+ 1/2-1/2

[Event "XXXV C.to Italiano Seniores"]
[Site "Arco ITA"]
[Date "2013.04.16"]
[Round "5"]
[White "Iudicello, Giovanni"]
[Black "Gardi, Giuseppe"]
[WhiteElo "2127"]
[BlackElo "1999"]
[Result "1/2-1/2"]
[PlyCount "72"]
[EventDate "2013.04.12"]

1. e4 d6 2. d4 Nf6 3. Nc3 g6 4. f4 Bg7 5. Nf3 O-O 6. Bd3 Na6 7. O-O c5 8. d5
Nc7 9. Qe1 a6 10. a4 Rb8 11. a5 e6 12. dxe6 Bxe6 13. f5 Bd7 14. Qh4 Bb5 15. Bg5
c4 16. Be2 gxf5 17. exf5 d5 18. Nd4 Bc6 19. Rf3 Re8 20. Rg3 Kh8 21. Bh5 Qe7 22.
Re3 Qd6 23. Bxf7 Rxe3 24. Bxe3 Be8 25. Be6 Rd8 26. Bg5 Qf8 27. Rd1 Bc6 28. Nce2
Be8 29. Nf4 h6 30. Ng6+ Bxg6 31. fxg6 Re8 32. Bf7 Re4 33. Qh3 Qe7 34. Nf3 Qc5+
35. Kf1 Ng4 36. Qg3 hxg5 1/2-1/2

[Event "XXXV C.to Italiano Seniores"]
[Site "Arco ITA"]
[Date "2013.04.16"]
[Round "5"]
[White "Menon, Michele"]
[Black "Blasco, Domenico"]
[WhiteElo "1749"]
[BlackElo "1933"]
[Result "0-1"]
[PlyCount "54"]
[EventDate "2013.04.12"]

1. Nf3 g6 2. g3 Bg7 3. Bg2 e5 4. d3 Nc6 5. c4 d6 6. Nc3 Nge7 7. Rb1 f5 8. e3
O-O 9. O-O h6 10. Bd2 Be6 11. b4 Qd7 12. b5 Nd8 13. a4 Nf7 14. Ne1 c6 15. Nc2
Rad8 16. a5 e4 17. bxc6 bxc6 18. dxe4 Bxc4 19. Re1 Ne5 20. Na3 Bd3 21. Qb3+ Kh8
22. Rbc1 fxe4 23. Nxe4 Rb8 24. Qa2 Bxe4 25. Bxe4 d5 26. f4 Ng4 27. Bg2 Rb2 0-1

[Event "XXXV C.to Italiano Seniores"]
[Site "Arco ITA"]
[Date "2013.04.16"]
[Round "5"]
[White "Micheli, Carlo"]
[Black "Facchetti, Gianni"]
[WhiteElo "2297"]
[BlackElo "2075"]
[Result "1-0"]
[PlyCount "113"]
[EventDate "2013.04.12"]

1. c4 e5 2. g3 Nf6 3. Bg2 d6 4. Nc3 c6 5. d3 Be7 6. e4 Nbd7 7. Nge2 h5 8. h3 h4
9. g4 Nh7 10. f4 Qc7 11. d4 g5 12. fxe5 dxe5 13. d5 a6 14. Be3 c5 15. Qd2 f6
16. O-O Qd6 17. a3 O-O 18. Nc1 b6 19. Nd3 Rd8 20. Rfc1 Nhf8 21. b4 Ng6 22. Na4
Qc7 23. Rab1 Nf4 24. Nxb6 Nxb6 25. bxc5 Na4 26. d6 Bxd6 27. cxd6 Rxd6 28. Bxf4
gxf4 29. c5 Nxc5 30. Qc3 Ne6 31. Qxc7 Nxc7 32. Nxf4 Nb5 33. Nd5 Bb7 34. Ne7+
Kf7 35. Nf5 Rd2 36. Nxh4 Rc8 37. a4 Rxc1+ 38. Rxc1 Nd6 39. Rc7+ Ke8 40. Nf5
Nxf5 41. gxf5 Rd7 42. Rxd7 Kxd7 43. a5 Bc6 44. h4 Ke7 45. Kf2 Kf8 46. Ke3 Bb5
47. Bf3 Bc6 48. Be2 Bb7 49. Bc4 Kg7 50. Bd5 Bc8 51. Kd3 Kh6 52. Kc4 Kh5 53. Kc5
Kxh4 54. Kd6 Kg5 55. Kc7 Bxf5 56. exf5 Kxf5 57. Bc4 1-0

[Event "XXXV C.to Italiano Seniores"]
[Site "Arco ITA"]
[Date "2013.04.16"]
[Round "5"]
[White "Modena, Giorgio"]
[Black "Barlocco, Carlo"]
[WhiteElo "1934"]
[BlackElo "2094"]
[Result "0-1"]
[PlyCount "60"]
[EventDate "2013.04.12"]

1. e4 e5 2. Nf3 Nc6 3. Bb5 Nf6 4. d3 Bc5 5. c3 Qe7 6. O-O O-O 7. h3 d6 8. Re1
a6 9. Ba4 b5 10. Bc2 Bb7 11. Nbd2 Rad8 12. Nf1 Qd7 13. Be3 Bxe3 14. Nxe3 Ne7
15. Kh2 Ng6 16. a4 c5 17. axb5 axb5 18. Bb3 c4 19. dxc4 Nxe4 20. Qc2 Nf4 21.
Rad1 Rfe8 22. Nd5 Nxd5 23. cxd5 f5 24. Qe2 Rc8 25. Nh4 g6 26. g4 Nf6 27. gxf5
gxf5 28. Rg1+ Kh8 29. Rg5 Rc5 30. Rxf5 Nxd5 0-1

[Event "XXXV C.to Italiano Seniores"]
[Site "Arco ITA"]
[Date "2013.04.16"]
[Round "5"]
[White "Pipitone, Antonio"]
[Black "Laco, Giuseppe"]
[WhiteElo "1930"]
[BlackElo "2073"]
[Result "0-1"]
[PlyCount "122"]
[EventDate "2013.04.12"]

1. e4 c5 2. Nf3 Nc6 3. d4 cxd4 4. Nxd4 Nf6 5. Nc3 a6 6. Be3 e6 7. Be2 Bb4 8.
Nxc6 bxc6 9. f3 d5 10. e5 Nd7 11. f4 c5 12. Bd2 f6 13. O-O O-O 14. Bg4 f5 15.
Bf3 Bb7 16. Ne2 Bxd2 17. Qxd2 Qc7 18. Rad1 Nb6 19. b3 a5 20. a4 Rfd8 21. Nc3
Bc6 22. g4 g6 23. Qf2 d4 24. Nb5 Bxb5 25. axb5 Nd5 26. gxf5 exf5 27. Bxd5+ Rxd5
28. c4 Rd7 29. Qf3 Qb7 30. Qxb7 Rxb7 31. Ra1 Kf7 32. h4 Rd7 33. Kf2 Ke6 34.
Rfd1 h6 35. Rg1 Rg7 36. Rg3 g5 37. hxg5 hxg5 38. Rh1 g4 39. Rh6+ Ke7 40. Rc6 a4
41. Rxc5 axb3 42. Rxb3 g3+ 43. Kf3 Rg4 44. Rb2 g2 45. Rb1 Ra3+ 46. Kf2 Ra2+ 47.
Kf3 g1=Q 48. Rxg1 Rxg1 49. b6 Rc1 50. Kg3 Rg1+ 51. Kf3 Rb2 52. Rc7+ Ke8 53.
Rc8+ Kf7 54. Rc7+ Kg6 55. Rc6+ Kh7 56. c5 d3 57. Rc7+ Kh6 58. Rc6+ Kg7 59. Rc7+
Kf8 60. b7 d2 61. Rc8+ Ke7 0-1

[Event "XXXV C.to Italiano Seniores"]
[Site "Arco ITA"]
[Date "2013.04.16"]
[Round "5"]
[White "Quagliarella, Sabino Remo"]
[Black "Bonfa', Ileano"]
[WhiteElo "1897"]
[BlackElo "2171"]
[Result "0-1"]
[PlyCount "84"]
[EventDate "2013.04.12"]

1. d4 Nf6 2. Nf3 g6 3. g3 Bg7 4. Bg2 O-O 5. O-O d6 6. c4 Nc6 7. Nc3 a6 8. a3
Rb8 9. b4 e5 10. dxe5 Nxe5 11. Nxe5 dxe5 12. Bb2 Be6 13. Nd5 Bxd5 14. cxd5 Ne8
15. e4 Nd6 16. f4 Nc4 17. Bc1 exf4 18. Bxf4 g5 19. Rc1 gxf4 20. Rxc4 fxg3 21.
hxg3 Be5 22. Rf5 f6 23. Qg4+ Kh8 24. Rf3 Rg8 25. Qh4 Rg7 26. Bh3 Qd6 27. Kg2
Rbg8 28. Rcc3 Bxc3 29. Rxc3 Qe5 30. Rf3 Rg5 31. Bf5 R8g7 32. Kh3 Qa1 33. Kg2
Qc1 34. g4 Qa1 35. Qf2 Rh5 36. Qf1 Qb2+ 37. Qf2 Qa1 38. Qf1 Qe5 39. Rg3 Qb2+
40. Kf3 Qxa3+ 41. Kf4 Qxb4 42. gxh5 Qd6+ 0-1

[Event "XXXV C.to Italiano Seniores"]
[Site "Arco ITA"]
[Date "2013.04.17"]
[Round "6"]
[White "Barlocco, Carlo"]
[Black "Rosino, Antonio"]
[WhiteElo "2094"]
[BlackElo "2178"]
[Result "1/2-1/2"]
[PlyCount "50"]
[EventDate "2013.04.12"]

1. e4 e5 2. Nf3 Nc6 3. Nc3 Nf6 4. Bc4 Nxe4 5. Nxe4 d5 6. Bd3 dxe4 7. Bxe4 Bd6
8. O-O O-O 9. Re1 Qf6 10. c3 Bf5 11. Qc2 Bg6 12. d4 exd4 13. Bg5 Bxe4 14. Qxe4
Qg6 15. Qxg6 hxg6 16. cxd4 f6 17. Be3 Nb4 18. Re2 Rfe8 19. a3 Nd5 20. Rae1 Re7
21. Bd2 Rae8 22. Kf1 Kf7 23. Rxe7+ Rxe7 24. Rxe7+ Nxe7 25. Ke2 Ke6 1/2-1/2

[Event "XXXV C.to Italiano Seniores"]
[Site "Arco ITA"]
[Date "2013.04.17"]
[Round "6"]
[White "Blasco, Domenico"]
[Black "D'Aulisa, Francesco"]
[WhiteElo "1933"]
[BlackElo "1730"]
[Result "1-0"]
[PlyCount "103"]
[EventDate "2013.04.12"]

1. d4 e6 2. Nf3 h6 3. e4 d6 4. Bd3 a6 5. O-O Nd7 6. c4 Ne7 7. Nc3 b6 8. Bf4 Bb7
9. Qe2 g5 10. Bg3 Rg8 11. Rad1 Ng6 12. e5 g4 13. Ne1 h5 14. exd6 cxd6 15. Be4
Qc7 16. c5 bxc5 17. dxc5 Nxc5 18. Bxb7 Nxb7 19. Nd5 Qd8 20. f3 Be7 21. Nxe7
Qxe7 22. fxg4 h4 23. Bf4 Nxf4 24. Rxf4 Qg5 25. Qf3 Qe7 26. h3 Rc8 27. Nd3 Nc5
28. Rc1 Qa7 29. Kh2 e5 30. Rfc4 Ke7 31. Nxc5 dxc5 32. Qf2 f6 33. Qxh4 Rg7 34.
Qf2 Rgg8 35. Qc2 Kf7 36. Rxc5 Rxc5 37. Qxc5 Qb8 38. Qc7+ Qxc7 39. Rxc7+ Kg6 40.
Kg3 Rd8 41. Rc2 Rd3+ 42. Kf2 Kg5 43. b3 e4 44. Re2 Kf4 45. g3+ Ke5 46. Rc2 Rf3+
47. Kg2 Rd3 48. h4 Kd4 49. h5 Ke3 50. h6 Rd2+ 51. Rxd2 Kxd2 52. h7 1-0

[Event "XXXV C.to Italiano Seniores"]
[Site "Arco ITA"]
[Date "2013.04.17"]
[Round "6"]
[White "Bonfa', Ileano"]
[Black "Gardi, Giuseppe"]
[WhiteElo "2171"]
[BlackElo "1999"]
[Result "1/2-1/2"]
[PlyCount "46"]
[EventDate "2013.04.12"]

1. c4 g6 2. g3 Bg7 3. Bg2 d6 4. Nc3 Nf6 5. Nf3 O-O 6. O-O e5 7. d3 Nbd7 8. Rb1
a5 9. a3 Nc5 10. b4 axb4 11. axb4 Ne6 12. d4 exd4 13. Nxd4 Rb8 14. Nxe6 Bxe6
15. Nd5 Qd7 16. Bb2 Nxd5 17. cxd5 Bh3 18. Bxg7 Bxg2 19. Kxg2 Kxg7 20. Qd4+ Kg8
21. Rfc1 c6 22. Rb2 cxd5 23. Qxd5 Qe6 1/2-1/2

[Event "XXXV C.to Italiano Seniores"]
[Site "Arco ITA"]
[Date "2013.04.17"]
[Round "6"]
[White "Bonollo, Sergio"]
[Black "Beltrami, Nerio"]
[WhiteElo "1821"]
[BlackElo "1907"]
[Result "0-1"]
[PlyCount "79"]
[EventDate "2013.04.12"]

1. e4 d6 2. d4 g6 3. c3 Bg7 4. Bd3 a6 5. h3 b5 6. Ne2 Bb7 7. O-O Nd7 8. Be3 c5
9. Bc2 cxd4 10. Bxd4 Ngf6 11. f3 O-O 12. a4 Qc7 13. Nd2 Nc5 14. Kh1 Ne6 15. Bb3
Nxd4 16. Nxd4 b4 17. cxb4 Nh5 18. Ne2 Bxb2 19. Ra2 Bg7 20. Qb1 Rac8 21. Rc2 Qb8
22. Rfc1 e6 23. Ba2 Bh6 24. Rxc8 Rxc8 25. Rxc8+ Qxc8 26. Nc4 Qc7 27. b5 d5 28.
exd5 exd5 29. Na3 Ng3+ 30. Nxg3 Qxg3 31. bxa6 Bf4 32. Qg1 Bxa6 33. Bxd5 Bc8 34.
Nb5 Bxh3 35. Bxf7+ Kg7 36. Qd4+ Kxf7 37. Qa7+ Kg8 38. Qa8+ Kg7 39. Qb7+ Kh6 40.
Qa7 0-1